04039nam a2200565Ia 4500001000400000008004100004010000800045041001400053082001400067245026500081260001800346300000700364520000700371630001300378630001600391630001600407630004100423630001400464650002400478690001400502700003100516700002600547700002700573901006200600902000600662903003900668904001600707905003100723906000600754907001700760908003600777909007600813910001500889911001000904912001400914913000900928914002500937915001900962916000900981917000900990918001400999919003401013520236901047921000703416922000703423923000603430924001403436942001003450999001303460413241029s9999 xx 000 0 und d a379 aEspañol aNO APLICA 0aEstrategias de gestión de centros para controlar las influencia de la música urbana sobre la socioafectividad de los estudiantes de 8vo. Grado de 13-14 años de la Escuela Aida Cartagena Portalatín. Año 2011-2012 Santo Domingo, República Dominicana. aSanto Domingo a87 a30 aAnsiedad aEnseñanza aEstudiantes aFinanciamiento de la Investigación aGestión aGestión Educativa aElaborado easesoraAdames , Adalberto eautoraMedina, Yohara eautoraBurgos, Erudina a{"1":"Medina","2":"Burgos"}b{"1":"Yohara","2":"Erudina"} a1 a{"1":"Adames "}b{"1":"Adalberto"} aMáster en aCiencias de la Educación a1 aMención en aGestión de Centros Educativos aUniversidad Abierta para Adultos (UAPA), Recinto Santo Domingo Oriental aNULLbNULL a["1"] aNO APLICA aNULL a06 de Agosto de 2012 a24/12/19 12:12 aNULL aNULL aNO APLICA a["17","202","96","108","111"] aLos  objetivos principales de este estudio consistieron en determinar las estrategias de gestión del centro para controlar la influencia de la música urbana sobre la socio afectividad de los estudiantes de 8vo. Grado de 13 a 14 años de la Escuela Aida Cartagena Portalatín. Determinar los factores sociales que se vinculan a  la aceptación de la música en alumnos de 8vo. Grado y en identificar las conductas socio afectivas expresado por los/ las estudiantes la Escuela Básica Aida Cartagena Portalín. Esta investigación es de tipo descriptivo, no experimental. Los métodos empleados fueron el deductivo-inductivo, la población consultada para este estudio estuvo compuesta por 47 estudiantes de la Escuela Básica Aida Cartagena Portalatín, año escolar 2011-2012. Las técnicas utilizadas fueron la encuesta, entrevista no estructurada y el cuestionario.El estudio concluyó que para controlar esos factores en el centro existe el Manual de Reglamento Interno el cual contempla las normas de convivencia de los alumnos donde solo se identifica una estrategia la cual dice que no se permite traer a la escuela revistas, radios, teléfonos, celulares, cámaras etc. Otras estrategias prescrita por los docentes y el director del mencionado centro es la retención de los instrumentos antes mencionados para controlar la influencia que puede ejercer el ritmo musical. Además, se les involucra como protagonistas de su formación, analizan el contenido de  las letras y de cómo podría afectarles, charlas junto a sus padres. Las estrategias señaladas por los docentes no están contempladas en el Manual de Reglamento Interno.Existen varios factores sociales que influyen sobre la socio afectividad de los estudiantes de la escuela Aida Portalatín entre los que se encuentran los amigos de diferentes edades, la moda y la música urbana, que es con la que más se identifican. A juicio de los maestros hay otros factores como el medio ambiente, el bombardeo de los medios de comunicación, el ritmo musical contagioso, las letras, ausencia de los padres, el poco conocimiento musical etc. Ésto conlleva a que los estudiantes manifiesten algunas conducta como la disrupción; conductas cognitivas, motrices, o verbales descontroladas las cuales se convierten en distractores alterando el ritmo del centro escolar. a16 a16 a0 aNO APLICA cTesis c379d379